| 000 | 00954cam a2200301 4500 | ||
|---|---|---|---|
| 001 | 3633308 | ||
| 003 | SISC | ||
| 005 | 20160304134657.0 | ||
| 008 | 690806s1965 enk b 000 0 eng | ||
| 010 | _a 75005290 | ||
| 020 | _a185326251 | ||
| 040 |
_aDLC _cDLC _dDLC |
||
| 050 | 0 | 0 | _aPR 2824 .Sh527 1995 |
| 082 |
_aHS 822.33P1 _bSh1 1995 |
||
| 100 | 1 |
_aShakespeare, William _d1564-1616. _912994 |
|
| 245 | 1 | 0 |
_aMeasure for measure / _cWilliam Shakespeare ; edited by J. W. Lever. |
| 260 |
_aHertfordshire : _bWordsworth Editions Ltd, _cc1995. |
||
| 300 |
_a106 p. : _c19 cm. |
||
| 490 | 0 | _aThe Arden Shakespeare | |
| 650 | 0 |
_aChastity _xDrama. _912995 |
|
| 650 | 0 |
_aBrothers and sisters _xDrama. _912996 |
|
| 651 | 0 |
_aVienna (Austria) _xDrama. _912997 |
|
| 655 | 7 |
_aComedies. _2gsafd _97774 |
|
| 700 | 1 |
_aLever, J. W. _q(Julius Walter), _eed. _912998 |
|
| 906 |
_a7 _bcbc _corignew _du _encip _f19 _gy-gencatlg |
||
| 942 |
_2lcc _cBK |
||
| 999 |
_c10316 _d10316 |
||